Copper crucible : (Record no. 361)

MARC details
000 -LEADER
fixed length control field 00996cam a2200289 a 4500
005 - DATE AND TIME OF LATEST TRANSACTION
control field 20260322212017.0
008 - FIXED-LENGTH DATA ELEMENTS--GENERAL INFORMATION
fixed length control field data
010 ## - LIBRARY OF CONGRESS CONTROL NUMBER
LC control number 94027852
020 ## - INTERNATIONAL STANDARD BOOK NUMBER
International Standard Book Number 0875463312
020 ## - INTERNATIONAL STANDARD BOOK NUMBER
International Standard Book Number 0875463320 (pbk.)
020 ## - INTERNATIONAL STANDARD BOOK NUMBER
International Standard Book Number 9780875463315
020 ## - INTERNATIONAL STANDARD BOOK NUMBER
International Standard Book Number 9780875463322 (pbk.)
040 ## - CATALOGING SOURCE
Original cataloging agency DLC
Transcribing agency DLC
Modifying agency DLC
043 ## - GEOGRAPHIC AREA CODE
Geographic area code n-us---
050 00 - LIBRARY OF CONGRESS CALL NUMBER
Classification number HD5325.M73 1983
Item number M677 1995
082 00 - DEWEY DECIMAL CLASSIFICATION NUMBER
Classification number 331.89/28223431/0979151
Edition information 20
092 ## - LOCALLY ASSIGNED DEWEY CALL NUMBER (OCLC)
Classification number 331.89 M677 1995
001 - CONTROL NUMBER
control field data
100 1# - MAIN ENTRY--PERSONAL NAME
Personal name Rosenblum, Jonathan D.,
Dates associated with a name 1958-
245 10 - TITLE STATEMENT
Title Copper crucible :
Remainder of title how the Arizona miners' strike of 1983 recast labor-management relations in America /
Statement of responsibility, etc. Jonathan D. Rosenblum.
260 ## - PUBLICATION, DISTRIBUTION, ETC.
Place of publication, distribution, etc. Ithaca, N.Y. :
Name of publisher, distributor, etc. ILR Press,
Date of publication, distribution, etc. c1995.
300 ## - PHYSICAL DESCRIPTION
Extent xi, 256 p. :
Other physical details port. ;
Dimensions 24 cm.
504 ## - BIBLIOGRAPHY, ETC. NOTE
Bibliography, etc. note Includes bibliographical references (p. 231-246) and index.
650 #0 - SUBJECT ADDED ENTRY--TOPICAL TERM
Topical term or geographic name entry element Phelps Dodge Corporation Strike, Morenci, Ariz., 1983-
650 #0 - SUBJECT ADDED ENTRY--TOPICAL TERM
Topical term or geographic name entry element Strikes and lockouts
General subdivision Copper mining
Geographic subdivision Arizona.
650 #0 - SUBJECT ADDED ENTRY--TOPICAL TERM
Topical term or geographic name entry element Industrial relations
Geographic subdivision United States.
Holdings
Withdrawn status Lost status Damaged status Not for loan Home library Current library Shelving location Date acquired Total checkouts Full call number Barcode Date last seen Price effective from Koha item type
        Franklin Franklin General stacks 22/03/2026   331.89/28223431/0979151 20 BC0010371 22/03/2026 22/03/2026 Books